000 00316nam a22001457a 4500
008 210311b ||||| |||| 00| 0 eng d
020 _a9780470129265
041 _aeng
080 _a541
082 _a541
100 _a12
101 _aKIM
245 _aChemistry a Guided Inquiry
_cMoog, R. S
942 _2udc
_cBK
999 _c56450
_d56450